Name Musical Artist by Song #2 - Statistics

General Stats
  • This quiz has been taken 28 times
  • The average score is 10 of 20
Answer Stats
Hint Answer % Correct
Rolling in the Deep Adele
92%
Africa Toto
92%
I Will Survive Gloria Gaynor
81%
ABC Jackson 5
77%
Baby Justin Bieber
73%
Sunday Bloody Sunday U2
65%
Old Town Road Lil Nas X
62%
All Star Smash Mouth
62%
Money for Nothing Dire Straits
58%
Rasputin Boney M.
54%
Hey, Soul Sister Train
54%
Down Under Men At Work
50%
Rock the Casbah The Clash
50%
Straight Up Paula Abdul
38%
Werewolves of London Warren Zevon
31%
Hotel Room Service Pitbull
27%
Some Nights Fun.
23%
Runaway Del Shannon
15%
The Wander Dion
15%
Copperhead Road Steve Earle
4%
No matching quizzes found
Score Distribution
Percent of People with Each Score
Percentile by Number Answered
Your Score History
You have not taken this quiz